<La> seguridad social en América Latina.

Latinská Amerika zaujíma významné miesto v oblasti sociálneho zabezpečenia tretieho sveta. Najvyššia zdravotná starostlivosť. Údaje o životnej úrovni, podmienkach zabezpečovania existencie, zamestnanosti. Úloha vlád, bánk a nadnárodných sociálnych organizácií.

Saved in:
Bibliographic Details
Format: Book Chapter
Language:Spanish
Subjects:
Tags: Add Tag
No Tags, Be the first to tag this record!

MARC

LEADER 00000naa a2200000 4500
001 r008008
005 20221130112626.3
041 0 |a spa 
044 |a MX 
245 1 0 |a <La> seguridad social en América Latina. 
520 |a Latinská Amerika zaujíma významné miesto v oblasti sociálneho zabezpečenia tretieho sveta. Najvyššia zdravotná starostlivosť. Údaje o životnej úrovni, podmienkach zabezpečovania existencie, zamestnanosti. Úloha vlád, bánk a nadnárodných sociálnych organizácií. 
610 2 0 |a zabezpečenie sociálne 
610 2 0 |a Latinská Amerika 
610 2 0 |a zdravotníctvo 
610 2 0 |a úroveň životná 
610 2 0 |a zamestnanosť